|
|
|
|
| LEADER |
00000nam0a2200000 4500 |
| 001 |
344228 |
| 005 |
20231102005636.0 |
| 010 |
|
|
|a 525300690
|
| 035 |
|
|
|a (RuTPU)RU\TPU\book\375519
|
| 090 |
|
|
|a 344228
|
| 100 |
|
|
|a 20200115d1990 m y0rusy50 ca
|
| 101 |
0 |
|
|a rus
|
| 102 |
|
|
|a RU
|
| 105 |
|
|
|a y z 000ay
|
| 200 |
1 |
|
|a Изобретения профессора Вагнера
|e избранные произведения
|f А. Р. Беляев
|
| 210 |
|
|
|a Москва
|c Правда
|d 1990
|
| 215 |
|
|
|a 448 с.
|
| 225 |
1 |
|
|a Мир приключений
|
| 330 |
|
|
|a В сборник избранных произведений замечательного советского писателя-фантаста Александра Романовича Беляева вошли роман «Властелин мира», повести и рассказы из цикла "Изобретения профессора Вагнера", отличающиеся жанрово-тематическим разнообразием, увлекательным сюжетом.
|
| 606 |
1 |
|
|a Русская литература современная
|2 stltpush
|3 (RuTPU)RU\TPU\subj\26373
|9 50316
|
| 610 |
1 |
|
|a художественная литература
|
| 610 |
1 |
|
|a научно-фантастические романы
|
| 610 |
1 |
|
|a фантастика
|
| 610 |
1 |
|
|a романы
|
| 610 |
1 |
|
|a рассказы
|
| 675 |
|
|
|a Р2
|v 4
|
| 700 |
|
1 |
|a Беляев
|b А. Р.
|c русский писатель
|c фантаст
|f 1884-1942
|g Александр Романович
|2 stltpush
|3 (RuTPU)RU\TPU\pers\40998
|9 21368
|
| 801 |
|
1 |
|a RU
|b 63413507
|c 20200115
|
| 801 |
|
2 |
|a RU
|b 63413507
|c 20200204
|g RCR
|
| 942 |
|
|
|c BK
|